000
00266nam a22001217a 4500
008
171123b xxu||||| |||| 00| 0 eng d
041
_a
eng
080
_a
038
100
_a
23
101
_a
FJA
245
_a
ROGETS COLLEGE THESAURUS
_c
STEVEN.P.N
942
_2
udc
_c
BK
999
_c
38323
_d
38323